| 000 | 00596nam a2200181Ia 4500 | ||
|---|---|---|---|
| 003 | GCL | ||
| 008 | 140319s9999 xx 000 0 ara d | ||
| 040 |
_aGCL / _cGCL |
||
| 082 | 0 | 4 |
_a239.8 _bع ب |
| 100 | 1 | _aعائشة عبدالرحمن | |
| 245 | 1 | 0 |
_aبنات النبى عليه الصلاه والسلام / _cعائشة عبدالرحمن |
| 300 | _a227 ص | ||
| 490 |
_aسلسلة مكتبة الاسرة _v0 |
||
| 650 | 0 | 4 | _aبنات النبى(ص) |
| 650 | 0 | 4 | _aالسيرة الذاتية |
| 650 | 0 | 4 | _aاهل بيت الرسول صلى الله عليه وسلم |
| 942 |
_2ddc _cBK |
||
| 999 |
_c50165 _d50165 |
||